000 00543nam a2200169Ia 4500
008 090201s9999 xx 000 0 und d
010 _aKPL-52358
040 _bमराठी
041 _aमराठी
082 _a15751
_b52358
100 _aभालचंद्र रेडे
245 _aवशिला लावा वशिला
_cभालचंद्र रेडे
260 _c2004
_bदिपाली
300 _a112
_bमोठा
600 _aवशिला लावा वशिला
942 _cBOOK
999 _c215830
_d215830